000 00644nam a2200205 a 4500
005 20140310183332.0
008 060824s19uu xx 00 eng d
020 _a0761931341
050 _aLC 3969.45
_b.D84 2005
100 _aDuffy, Mary Lou
245 _aMentoring new special education teachers:
_ba guide for mentors and program developers. /
260 _aOaks, California :
_bCorwin Press,
_c2005.
300 _a168 p. :
_bill. ;
_c28 cm.
521 _aEDU
650 _aSpecial education teachers
_xIn-service training.
650 _aMentoring in education.
700 _aForgan, James
942 _cBK
_2lcc
_kFOR
999 _c21600
_d21600